000
00220 a2200097 4500
020
_a
9789384075361
100
_a
M. Mukundan
245
_a
Penakkannu(പേനക്കണ്ണ്)
260
_b
SPCS
_c
2023
942
_c
OO
999
_c
115503
_d
115502